00902nam a2200241Ia 450000500170000000800410001702000150005804100080007308200180008110000190009924500420011825000220016026400270018230000400020933600270024933700330027633800280030949000190033750502070035665000320056365000300059504000350062520220316235206.0121119s1994    sp a   gr     000 0 spa    a84329835000 aspa04a746.62 bR23C1 aReindl, Robert10aCómo hacer linóleocRobert Reindl  aPrimera edición 1aBarcelona bCeacc1994  a48 páginasbilustracionesc18 cm.  atextobtxt2rdacontent  asin mediaciónbn2rdamedia  avolumenbnc2rdacarrier0 aCómo hacerlo0 a1.Material -- 2.Herramientas -- 3.El corte -- 4.Corte de líenas en blanco -- 5.Corte de figuras en negro -- 6.La impresión -- 7.Estampado en oro -- 8.Estampado en varios colores -- 9.Parte gráfica142LEMBaLinóleoxTécnicas142LEMBaGrabadoxTécnicas  aCO-BoRNBPbspaerdacCO-BoRNBP